000 00624nam a2200217 a 4500
001 45957
003 BD-RjUL
005 20211209054105.0
008 170102s1965 ii ||||| | || 00| 0 eng d
035 _a(BD-RjUL)46075
040 _aBD-RjUL
_beng
_cBD-RjUL
_dBD-RjUL
041 _aeng
082 _223
_a327
_bKUS 1965
100 1 _aKulshrestha, K. K.
_9140534
245 1 2 _aA short history of international relation /
_cK. K. Kulshrestha
250 _a3rd ed.
260 _aNew Delhi :
_bS. Chand adn Co,
_c1965.
300 _axviii, 306 p. ;
_c14 cm.
650 _aInternational relations
_9140535
942 _2ddc
_cBK
999 _c45957
_d45957